Jadavpur journal of comparative literature. (Record no. 87754)

MARC details
000 -LEADER
fixed length control field 01533cas a2200445 a 4500
001 - CONTROL NUMBER
control field 11161187
005 - DATE AND TIME OF LATEST TRANSACTION
control field 20140811102633.0
007 - PHYSICAL DESCRIPTION FIXED FIELD--GENERAL INFORMATION
fixed length control field t|
008 - FIXED-LENGTH DATA ELEMENTS--GENERAL INFORMATION
fixed length control field 750901c19619999ii ax 0 a0ben c
010 ## - LIBRARY OF CONGRESS CONTROL NUMBER
LC control number sa 68017498
016 7# - NATIONAL BIBLIOGRAPHIC AGENCY CONTROL NUMBER
Record control number 010479892
Source Uk
022 0# - INTERNATIONAL STANDARD SERIAL NUMBER
International Standard Serial Number 0970-0692
Canceled ISSN 0448-1143
Source 20
025 ## - OVERSEAS ACQUISITION NUMBER
Overseas acquisition number PL480 : I-E-E-1979
035 ## - SYSTEM CONTROL NUMBER
System control number (OCoLC)ocm01587467
040 ## - CATALOGING SOURCE
Original cataloging agency MnMULS
Language of cataloging eng
Transcribing agency MnMULS
Modifying agency CtY
-- NIC
-- AIP
-- DLC
-- MH
-- NSDP
-- NST
-- MH
-- GU
-- OCoLC
-- WaU
-- OCoLC
-- UKMGB
-- OCoLC
041 0# - LANGUAGE CODE
Language code of text/sound track or separate title ben
-- eng
042 ## - AUTHENTICATION CODE
Authentication code pcc
-- nsdp
050 00 - LIBRARY OF CONGRESS CALL NUMBER
Classification number PN851
Item number .J3
080 ## - UNIVERSAL DECIMAL CLASSIFICATION NUMBER
Universal Decimal Classification number 8.091
210 0# - ABBREVIATED TITLE
Abbreviated title Jadavpur j. comp. lit.
222 #0 - KEY TITLE
Key title Jadavpur journal of comparative literature
245 00 - TITLE STATEMENT
Title Jadavpur journal of comparative literature.
246 3# - VARYING FORM OF TITLE
Title proper/short title JJCL
260 ## - PUBLICATION, DISTRIBUTION, ETC. (IMPRINT)
Place of publication, distribution, etc Calcutta :
Name of publisher, distributor, etc Dept. of Comparative Literature, Jadavpur University
300 ## - PHYSICAL DESCRIPTION
Extent volumes ;
Dimensions 25 cm
310 ## - CURRENT PUBLICATION FREQUENCY
Current publication frequency Annual (irregular)
362 1# - DATES OF PUBLICATION AND/OR SEQUENTIAL DESIGNATION
Dates of publication and/or sequential designation Began in 1961.
Source of information Cf. Reg. de l'ISDS.
546 ## - LANGUAGE NOTE
Language note In Bengali or English.
590 ## - LOCAL NOTE (RLIN)
Local note SERBIB/SERLOC merged record
650 #0 - SUBJECT ADDED ENTRY--TOPICAL TERM
Topical term or geographic name as entry element Comparative literature
Form subdivision Periodicals.
710 2# - ADDED ENTRY--CORPORATE NAME
Corporate name or jurisdiction name as entry element Jadavpur University.
Subordinate unit Department of Comparative Literature.
776 08 - ADDITIONAL PHYSICAL FORM ENTRY
Display text Online version:
Title Jadavpur journal of comparative literature
Record control number (OCoLC)297241088
776 08 - ADDITIONAL PHYSICAL FORM ENTRY
Display text Online version:
Title Jadavpur journal of comparative literature
Record control number (OCoLC)607386485
906 ## - LOCAL DATA ELEMENT F, LDF (RLIN)
a 7
b cbc
c serials
d u
e ncip
f 19
g n-oclcserc
942 ## - ADDED ENTRY ELEMENTS (KOHA)
Source of classification or shelving scheme Dewey Decimal Classification
Item type Periodicals
Serial record 1
Holdings
Withdrawn status Lost status Source of classification or shelving scheme Damaged status Not for loan Collection code Home library Current library Date acquired Total Checkouts Date last seen Price effective from Koha item type
    Dewey Decimal Classification   Not For Loan Fiction D.B.Act.Division D.B.Act.Division 11/08/2014   11/08/2014 11/08/2014 Periodicals

© Delhi Public Library
Hit Counter
free hit counter